Open Data Biblioteca Nacional de Portugal


República Portuguesa: Ministério da Cultura
Biblioteca Nacional de Portugal

Catálogo da BNP: acesso por Identificadores Unívocos
Registos Bibliográficos associados ao registo de autoridade

Etiqueta de registo: 00254nam 2200025 450
001 2283830
003 http://id.bnportugal.gov.pt/bib/catbnp/2283830
010 ## $a978-989-576-353-5
021 ## $aPT$b558669/26
100 ## $a20260407d2026 m y0pory01030103ba
101 1# $apor$ceng
102 ## $aPT
105 ## $ay z 001yy
106 ## $ar
200 1# $aPseudociência$e uma brevíssima introdução$fMichael D. Gordin$gtrad. Rita Menezes
205 ## $a1ª ed
210 #9 $aLisboa$cGuerra & Paz,$d2026
215 ## $a159 p.$d23 cm
225 2# $a A minha estante
304 ## $aTít. orig.: Pseudoscience : a very short introduction
675 ## $a001.98$vBN$zpor$31595945
675 ## $a001.95$vBN$zpor$31469716
700 #1 $aGordin,$bMichael D.$31994933
702 #1 $aMenezes,$bRita$4730$31014034
801 #0 $aPT$bBN$gRPC
856 41 $uhttp://rnod.bnportugal.gov.pt/ImagesBN/winlibimg.aspx?skey=&doc=2283830&img=221984&save=true
900 ## $aBIBNAC$d20260507
966 ## $lBN$mFGMON$sP. 72675 V.$x1
966 ## $lBN$mFGMON$sP. 72675 V.-D$x1
971 ## $cisantos$d20260407
972 ## $e0$z0$d20260507$vasantos
973 ## $cigoulao$d20260429
975 ## $e0$d20260508$viquintas

OpendataBNP@bnportugal.pt | Mais informação sobre acesso aos dados BNP